Los Movimientos sociales en América Latina frente al librecomercio y la criminalización de la protesta: cronología mayo-agosto 2004 /
Spremljeno u:
| Glavni autor: | |
|---|---|
| Daljnji autori: | |
| Format: | Tekst |
| Oznake: |
Dodaj oznaku
Bez oznaka, Budi prvi tko označuje ovaj zapis!
|
MARC
| LEADER | 00000 a a2200000 04500 | ||
|---|---|---|---|
| 001 | 11021 | ||
| 003 | |||
| 040 | |||
| 100 | |a Algranati, Clara | ||
| 245 | |a Los Movimientos sociales en América Latina frente al librecomercio y la criminalización de la protesta: cronología mayo-agosto 2004 / |c Clara Algranati | ||
| 700 | |a Seoane, José |a Taddei, Emilio | ||
| 773 | |g volumen 5, número 14; páginas 77-93 | ||
| 999 | |c 29004 |d 29004 | ||
